000 00944nas a2200313 4500
001 BR2012009730
003 BR-BrBNA
005 20231205121707.0
007 ta
008 230509b bl.|||p| |||| 00| 00por d
040 _aBR-BrBNA
_bpor
_cBiblioteca Nacional de Agricultura
041 _a(Pt)
072 _aP33; F07
100 1 _aFerreira, R.R.M.
100 1 _aTavares Filho, J.
100 1 _aFerreira, V.M.
100 1 _aRalisch, R.
245 1 _aEstabilidade física de solo sob diferentes manejos de pastagem extensiva em cambissolo
650 _aPROPRIEDADE FÍSICO-QUÍMICA
650 _aSOLO
650 _aMANEJO DO SOLO
650 _aPASTAGEM
650 _aFLOCULAÇÃO
650 _aARGILA
650 _aMATÉRIA ORGÂNICA
773 0 _tSemina. Ciências Agrárias (Brazil)
_xISSN 1676-546X
_g(Jul-Sep 2010), v. 31(3) p. 531-538
_wBR2012009730
909 _a202311
_bLúcia
_c55
_dLúcia Elande
942 _2AGRIS
_n0
_cANA
999 _c224760
_d224760